[Event "South Wales op 6th"]
[Site "Treforest"]
[Date "2009.07.16"]
[Round "9"]
[White "Jain, Akash"]
[Black "White, E Michael"]
[Result "1-0"]
[WhiteElo "2012"]
[BlackElo "1976"]
[PlyCount "52"]
[EventDate "2009.07.11"]
[EventType "swiss"]
[EventRounds "9"]
[EventCountry "WLS"]
[SourceTitle "CBM 131 Extra"]
[Source "ChessBase"]
[SourceDate "2009.09.03"]
[SourceVersion "2"]
[SourceVersionDate "2009.09.16"]
[SourceQuality "1"]

1. e4 e5 2. Nf3 Nc6 3. c3 d5 4. Qa4 dxe4 5. Nxe5 Qd5 6. Nxc6 bxc6 7. Bc4 Qd6 8.
O-O Be7 9. d3 exd3 10. Bxd3 Nf6 11. Bf4 Qxd3 12. Qxc6+ Qd7 13. Qxa8 O-O 14.
Qxa7 Qf5 15. Bg3 Bc5 16. Qxc7 Re8 17. Nd2 Qd5 18. Nf3 Ne4 19. Rad1 Qxa2 20. Rd8
Qe6 21. Rfd1 Bf8 22. Rxe8 Qxe8 23. Rd8 Qa4 24. Rxf8+ Kxf8 25. Qxc8+ Qe8 26.
Qxe8+ Kxe8 1-0

[Event "South Wales op 6th"]
[Site "Treforest"]
[Date "2009.07.14"]
[Round "5"]
[White "Jain, Akash"]
[Black "Quinn, Joseph R"]
[Result "1-0"]
[WhiteElo "2012"]
[BlackElo "1852"]
[PlyCount "89"]
[EventDate "2009.07.11"]
[EventType "swiss"]
[EventRounds "9"]
[EventCountry "WLS"]
[SourceTitle "CBM 131 Extra"]
[Source "ChessBase"]
[SourceDate "2009.09.03"]
[SourceVersion "2"]
[SourceVersionDate "2009.09.16"]
[SourceQuality "1"]

1. e4 e5 2. Nf3 Nc6 3. c3 Nf6 4. d4 exd4 5. e5 Qe7 6. cxd4 Nd5 7. Bc4 Qb4+ 8.
Nbd2 Nb6 9. a3 Qe7 10. O-O d5 11. exd6 Qxd6 12. Ne4 Qg6 13. Nh4 Qg4 14. Qxg4
Bxg4 15. Bb5 Be7 16. Bg5 Bxg5 17. Nxg5 O-O 18. Bxc6 bxc6 19. h3 Bd7 20. Nhf3
Rfe8 21. Ne5 f6 22. Nxd7 Nxd7 23. Nf3 Nb6 24. Rac1 Re6 25. Rc2 Nd5 26. g3 a5
27. Re1 Rae8 28. Rxe6 Rxe6 29. Kf1 Kf7 30. Re2 Rxe2 31. Kxe2 Ke6 32. Kd3 Nb6
33. Nd2 Kd5 34. b3 a4 35. b4 Nc8 36. Ne4 Nd6 37. Nc3+ Ke6 38. Nxa4 Nb5 39. Nc5+
Kd5 40. a4 Nxd4 41. Ne4 Ne6 42. a5 c5 43. a6 Kc6 44. Nxc5 Nxc5+ 45. bxc5 1-0

[Event "Nachod op"]
[Site "Nachod"]
[Date "2009.07.07"]
[Round "4"]
[White "Lizner, Milan"]
[Black "Zizka, Jan"]
[Result "1-0"]
[WhiteElo "2085"]
[BlackElo "1880"]
[PlyCount "127"]
[EventDate "2009.07.04"]
[EventType "swiss"]
[EventRounds "9"]
[EventCountry "CZE"]
[SourceTitle "CBM 131 Extra"]
[Source "ChessBase"]
[SourceDate "2009.09.03"]
[SourceVersion "2"]
[SourceVersionDate "2009.09.16"]
[SourceQuality "1"]

1. e4 e5 2. Nf3 Nc6 3. c3 d5 4. Qa4 f6 5. Bb5 Nge7 6. d3 Bg4 7. Nbd2 a6 8.
Bxc6+ Nxc6 9. exd5 Qxd5 10. Qxg4 Qxd3 11. Qe4 Qd7 12. O-O O-O-O 13. Nb3 f5 14.
Qc2 Qf7 15. Be3 e4 16. Nfd4 Ne5 17. Ne2 b6 18. Nd2 Bd6 19. f3 g5 20. fxe4 f4
21. Bd4 Qh5 22. Bxe5 Bxe5 23. Nf3 Bd6 24. e5 Bc5+ 25. Nfd4 Rhe8 26. b4 Bxd4+
27. cxd4 Re6 28. Qf5 Qg6 29. Qxg6 hxg6 30. Rac1 Rd5 31. h3 a5 32. a3 Kb7 33.
Rf3 axb4 34. axb4 Rb5 35. Rc4 c5 36. bxc5 bxc5 37. Nc3 Ra5 38. Ne4 Re7 39.
Nxc5+ Ka7 40. Ra4 Rxa4 41. Nxa4 Kb7 42. Rc3 Ka6 43. Rc6+ Kb5 44. Rxg6 Kxa4 45.
Rxg5 Kb5 46. d5 Kc5 47. d6 Re8 48. Kf2 Kd5 49. Kf3 Rf8 50. d7 Ke6 51. d8=Q Rxd8
52. Kxf4 Rd1 53. Rg6+ Kf7 54. Rf6+ Ke7 55. g4 Rf1+ 56. Kg5 Re1 57. Rf5 Ke6 58.
h4 Ra1 59. h5 Ra8 60. h6 Rg8+ 61. Kh5 Rh8 62. Rg5 Kf7 63. Rg7+ Ke6 64. Kg6 1-0

[Event "Udine Oro Caffe op 2nd"]
[Site "Udine"]
[Date "2009.07.07"]
[Round "2"]
[White "Miseri, Paolo"]
[Black "Fermo, Ruggero"]
[Result "0-1"]
[WhiteElo "1488"]
[BlackElo "1765"]
[PlyCount "54"]
[EventDate "2009.07.06"]
[EventType "swiss"]
[EventRounds "7"]
[EventCountry "ITA"]
[SourceTitle "EXT 2011"]
[Source "ChessBase"]
[SourceDate "2010.11.26"]
[SourceVersion "1"]
[SourceVersionDate "2010.11.26"]
[SourceQuality "1"]

1. e4 e5 2. Nf3 Nc6 3. c3 d5 4. d3 Be7 5. Be2 Nf6 6. exd5 Nxd5 7. O-O O-O 8. h3
Be6 9. c4 Nf6 10. Nc3 a6 11. b4 Bxb4 12. Na4 b5 13. cxb5 axb5 14. Nb2 Bxa2 15.
Qc2 Qd5 16. Bd2 Bb3 17. Qc1 Rxa1 18. Qxa1 e4 19. Bxb4 Nxb4 20. dxe4 Nxe4 21.
Nd1 Qc5 22. Ne3 Ng3 23. fxg3 Qxe3+ 24. Rf2 c6 25. Nd4 Nc2 26. Nxc2 Bxc2 27.
Bxb5 cxb5 0-1

[Event "Donostia-C"]
[Site "San Sebastian"]
[Date "2009.07.07"]
[Round "1"]
[White "Michna, Christian"]
[Black "Hoffman, Alejandro"]
[Result "1/2-1/2"]
[WhiteElo "2224"]
[BlackElo "2417"]
[PlyCount "79"]
[EventDate "2009.07.07"]
[EventType "tourn"]
[EventRounds "9"]
[EventCountry "ESP"]
[EventCategory "7"]
[SourceTitle "CBM 131 Extra"]
[Source "ChessBase"]
[SourceDate "2009.09.03"]
[SourceVersion "2"]
[SourceVersionDate "2009.09.16"]
[SourceQuality "1"]

1. e4 e5 2. Nf3 Nc6 3. c3 Nf6 4. d4 d6 5. Bd3 g6 6. O-O Bg7 7. h3 O-O 8. Re1
Nh5 9. Bf1 h6 10. Na3 Re8 11. dxe5 Nxe5 12. Nxe5 Rxe5 13. Bd3 Bd7 14. Nc4 Re8
15. Bd2 b5 16. Na3 a6 17. Nc2 c5 18. Qf3 Bc6 19. Ne3 Qf6 20. Qxf6 Nxf6 21. Ng4
Nxe4 22. Nxh6+ Kf8 23. Bf4 Rad8 24. f3 Nf6 25. Bg5 Rxe1+ 26. Rxe1 Re8 27. Rxe8+
Kxe8 28. Kf2 a5 29. Ng4 Nxg4+ 30. fxg4 a4 31. a3 Kd7 32. h4 Ke6 33. h5 gxh5 34.
gxh5 b4 35. Bd2 bxa3 36. bxa3 f5 37. Be2 d5 38. Bf3 Bb5 39. g4 fxg4 40. Bxg4+
1/2-1/2

[Event "LSS SA-2009.0.00068"]
[Site "LSS email"]
[Date "2009.07.07"]
[Round "?"]
[White "Kroes, Friso"]
[Black "Nenciulescu, Silviu Catalin"]
[Result "1-0"]
[WhiteElo "1997"]
[BlackElo "1924"]
[PlyCount "127"]
[EventDate "2009.06.18"]
[EventType "tourn"]
[EventRounds "6"]
[SourceTitle "OM Corr 202003"]
[Source "Opening Master"]
[SourceDate "2019.05.30"]
[SourceVersion "2"]
[SourceVersionDate "2019.05.30"]
[SourceQuality "1"]
[WhiteTeam "United States"]
[BlackTeam "United States"]
[WhiteTeamCountry "USA"]
[BlackTeamCountry "USA"]

1. e4 e5 2. Nf3 Nc6 3. c3 Nf6 4. d4 exd4 5. e5 Nd5 6. cxd4 Bb4+ 7. Nbd2 d6 8.
Bb5 O-O 9. O-O Nde7 10. a3 Bxd2 11. Bxd2 dxe5 12. dxe5 Qd5 13. Be2 Nxe5 14. Rc1
c6 15. Nxe5 Qxe5 16. Bc3 Qf4 17. g3 Qh6 18. Qb3 Nd5 19. Bd4 a5 20. Bf3 a4 21.
Qc2 Be6 22. Rfe1 Rfd8 23. Rcd1 Rd7 24. Bc5 Qg6 25. Be4 Qh5 26. Rd4 Nf6 27. Rxd7
Nxd7 28. Bb4 Nf6 29. Bg2 Bb3 30. Qc3 h6 31. Qd4 Bd5 32. Re5 Qg6 33. Qb6 Qb1+
34. Re1 Qxb2 35. Qxb7 Rd8 36. Qb6 Re8 37. Rxe8+ Nxe8 38. Bxd5 cxd5 39. Qa6 Nf6
40. Qxa4 Qb1+ 41. Kg2 Qe4+ 42. Kg1 d4 43. Qa7 Ng4 44. Qb8+ Kh7 45. Qf4 Qxf4 46.
gxf4 d3 47. a4 Nf6 48. Kg2 Nd5 49. Bd2 Kg6 50. a5 Kf5 51. Kf3 Ke6 52. a6 Nc7
53. a7 Kd5 54. Ke3 Kc4 55. f5 Na8 56. Ba5 g6 57. h4 h5 58. fxg6 fxg6 59. Ke4
Kb5 60. Bd2 Ka6 61. Be3 d2 62. Bxd2 Kxa7 63. Kf4 Kb7 64. Kg5 1-0

[Event "Brno Duras op-B"]
[Site "Brno"]
[Date "2009.07.05"]
[Round "9"]
[White "Kunik, Jan"]
[Black "Hotar, Petr"]
[Result "0-1"]
[WhiteElo "1361"]
[BlackElo "1250"]
[PlyCount "50"]
[EventDate "2009.06.27"]
[EventType "swiss"]
[EventRounds "9"]
[EventCountry "CZE"]
[SourceTitle "CBM 131 Extra"]
[Source "ChessBase"]
[SourceDate "2009.09.03"]
[SourceVersion "2"]
[SourceVersionDate "2009.09.16"]
[SourceQuality "1"]

1. e4 e5 2. Nf3 Nc6 3. c3 d5 4. Qa4 dxe4 5. Nxe5 Qd5 6. Nxc6 bxc6 7. Bc4 Qc5 8.
O-O Bb7 9. d3 exd3 10. Be3 Qf5 11. Nd2 Bc5 12. Rae1 O-O-O 13. Ba6 Kb8 14. Qa5
Bxa6 15. b4 Bxe3 16. Qxf5 Bxd2 17. Rd1 Bxc3 18. Qc5 d2 19. Qxc3 Bxf1 20. Kxf1
Ne7 21. a3 Nd5 22. Qxc6 Rd6 23. Qc4 Rhd8 24. b5 Rf6 25. a4 Ne3+ 0-1

[Event "HUN-ch U14 Girls"]
[Site "Balatonlelle"]
[Date "2009.07.03"]
[Round "7"]
[White "Juhasz, Barbara"]
[Black "Kabai, Zsuzsanna"]
[Result "1/2-1/2"]
[WhiteElo "1810"]
[BlackElo "1956"]
[PlyCount "37"]
[EventDate "2009.06.27"]
[EventType "swiss"]
[EventRounds "9"]
[EventCountry "HUN"]
[SourceTitle "EXT 2011"]
[Source "ChessBase"]
[SourceDate "2010.11.26"]
[SourceVersion "1"]
[SourceVersionDate "2010.11.26"]
[SourceQuality "1"]

1. e4 e5 2. Nf3 Nc6 3. c3 Nf6 4. d4 exd4 5. e5 Nd5 6. cxd4 Bb4+ 7. Bd2 Bxd2+ 8.
Qxd2 d6 9. Nc3 Nxc3 10. Qxc3 O-O 11. Bb5 Bd7 12. Bxc6 Bxc6 13. O-O Bd5 14. Rfe1
Qd7 15. h3 h6 16. Re3 Rfe8 17. Rae1 Bxf3 18. Rxf3 dxe5 19. dxe5 1/2-1/2

[Event "Pula op"]
[Site "Pula"]
[Date "2009.07.02"]
[Round "7"]
[White "Csonka, Attila Istvan"]
[Black "Ascic, Anto"]
[Result "1-0"]
[WhiteElo "2327"]
[BlackElo "2156"]
[PlyCount "55"]
[EventDate "2009.06.27"]
[EventType "swiss"]
[EventRounds "9"]
[EventCountry "CRO"]
[SourceTitle "CBM 131 Extra"]
[Source "ChessBase"]
[SourceDate "2009.09.03"]
[SourceVersion "2"]
[SourceVersionDate "2009.09.16"]
[SourceQuality "1"]

1. e4 e5 2. Nf3 Nc6 3. c3 d5 4. Qa4 f6 5. Bb5 Nge7 6. O-O a6 7. Re1 Bd7 8. Bf1
Nd4 9. Qd1 Nxf3+ 10. Qxf3 Bc6 11. d3 Qd7 12. Nd2 O-O-O 13. b4 Ng6 14. a4 dxe4
15. Qe3 b6 16. dxe4 Bb7 17. a5 b5 18. Nb3 Qc6 19. Ba3 Nf4 20. Rac1 Kb8 21. c4
bxc4 22. Rxc4 Qa4 23. Rxc7 Rd7 24. Rxb7+ Rxb7 25. Bxa6 Qxa3 26. Bxb7 Qxb4 27.
a6 Nd3 28. Ra1 1-0

[Event "HUN-ch U14 Girls"]
[Site "Balatonlelle"]
[Date "2009.07.02"]
[Round "6"]
[White "Juhasz, Barbara"]
[Black "Gal, Cintia"]
[Result "1-0"]
[WhiteElo "1810"]
[BlackElo "1686"]
[PlyCount "79"]
[EventDate "2009.06.27"]
[EventType "swiss"]
[EventRounds "9"]
[EventCountry "HUN"]
[SourceTitle "EXT 2011"]
[Source "ChessBase"]
[SourceDate "2010.11.26"]
[SourceVersion "1"]
[SourceVersionDate "2010.11.26"]
[SourceQuality "1"]

1. e4 e5 2. Nf3 Nc6 3. c3 Nf6 4. d4 d6 5. Nbd2 a6 6. Be2 Bg4 7. Qc2 Qd7 8. a3
Be7 9. O-O O-O 10. Re1 h6 11. b4 Bh5 12. b5 Nb8 13. bxa6 Nxa6 14. dxe5 Ng4 15.
exd6 Qxd6 16. Nc4 Qc5 17. Be3 Nxe3 18. Nxe3 Bxf3 19. Bxf3 Bg5 20. Qb3 b6 21. g3
c6 22. h4 Bf6 23. Rac1 Nc7 24. a4 Qa5 25. Nc4 Qxa4 26. Qxa4 Rxa4 27. Nxb6 Ra3
28. e5 Ra6 29. Nd7 Re8 30. exf6 Ne6 31. fxg7 Kxg7 32. Nc5 Ra7 33. Nxe6+ fxe6
34. Bxc6 Ree7 35. Be4 Rac7 36. c4 Rc5 37. Bd5 Kf6 38. Bf3 e5 39. Bd5 Rec7 40.
Ra1 1-0

[Event "RA-2009-0-00054"]
[Site "Lechenicher SchachServer"]
[Date "2009.07.01"]
[Round "?"]
[White "Kroes, Friso"]
[Black "Sadowski, Marek"]
[Result "1/2-1/2"]
[WhiteElo "2049"]
[BlackElo "2183"]
[PlyCount "42"]
[EventDate "2009.05.14"]
[SourceTitle "OM Corr 202003"]
[Source "Opening Master"]
[SourceDate "2019.05.30"]
[SourceVersion "2"]
[SourceVersionDate "2019.05.30"]
[SourceQuality "1"]

1. e4 e5 2. Nf3 Nc6 3. c3 d5 4. Qa4 f6 5. d3 Nge7 6. Be2 Be6 7. O-O a6 8. h4
Qd7 9. Na3 Nc8 10. Qc2 Nb6 11. Rd1 h5 12. exd5 Nxd5 13. Nc4 Bc5 14. Be3 Bxe3
15. Nxe3 Nxe3 16. fxe3 O-O-O 17. d4 Qe7 18. a4 Bg4 19. d5 Nb8 20. e4 Nd7 21. b4
Kb8 1/2-1/2

[Event "It (open)"]
[Site "Klatovy (Czech Republic)"]
[Date "2009.07.??"]
[Round "?"]
[White "Palkova, Katerina"]
[Black "Grill, Roman"]
[Result "0-1"]
[WhiteElo "2067"]
[BlackElo "2174"]
[PlyCount "70"]
[EventDate "2009.??.??"]
[EventCountry "CZE"]
[SourceTitle "OM OTB B 201907"]
[Source "Opening Master"]
[SourceDate "2019.07.06"]
[SourceVersion "2"]
[SourceVersionDate "2019.07.06"]
[SourceQuality "1"]

1. e4 e5 2. Nf3 Nc6 3. c3 Nf6 4. d4 Nxe4 5. d5 Bc5 6. dxc6 Bxf2+ 7. Ke2 bxc6 8.
Qa4 f5 9. Nbd2 O-O 10. Nxe4 fxe4 11. Qxe4 d5 12. Qxe5 Rf5 13. Qxf5 Bxf5 14.
Kxf2 Rb8 15. b3 Qf6 16. Bd2 c5 17. Re1 Be4 18. Re3 g5 19. h3 h5 20. Bd3 Rd8 21.
Ke1 Bxd3 22. Rxd3 Qf5 23. Ke2 g4 24. hxg4 hxg4 25. Re3 gxf3+ 26. Rxf3 Re8+ 27.
Kd1 Qb1+ 28. Bc1 Qxa2 29. Rg3+ Kf7 30. Rf1+ Ke7 31. c4 Kd7 32. Rf7+ Kc8 33. Bd2
Qb1+ 34. Bc1 d4 35. Rgg7 Qxb3+ 0-1

[Event "2008-2009 TURKIYE IS BANK LÝGÝ"]
[Site "Alkoçlar Hotel - Uludađ/Bur"]
[Date "2009.06.30"]
[Round "13.8"]
[White "Uzun, Sarp"]
[Black "Guven, Baris"]
[Result "1-0"]
[WhiteElo "1970"]
[BlackElo "1670"]
[PlyCount "97"]
[EventDate "2009.02.02"]
[EventRounds "15"]
[EventCountry "TUR"]
[SourceTitle "OM OTB B 201907"]
[Source "Opening Master"]
[SourceDate "2019.07.06"]
[SourceVersion "2"]
[SourceVersionDate "2019.07.06"]
[SourceQuality "1"]

1. e4 e5 2. Nf3 Nc6 3. c3 d5 4. Qa4 Bd7 5. exd5 Nd4 6. Qd1 Nxf3+ 7. Qxf3 Bd6 8.
Bc4 f5 9. d3 Nf6 10. Bg5 O-O 11. Nd2 h6 12. Bxf6 Qxf6 13. Qe2 Rae8 14. O-O-O b5
15. Bb3 a5 16. Bc2 Ra8 17. f3 b4 18. cxb4 axb4 19. Kb1 Bc5 20. Nb3 Bb6 21. d4
exd4 22. Qc4 Qd6 23. Nxd4 Bxd4 24. Rxd4 Rfb8 25. Bb3 Kh8 26. g3 Bb5 27. Qc2 c5
28. Rf4 g6 29. h4 Kg7 30. h5 g5 31. Rxf5 Bd7 32. Re1 Bxf5 33. Qxf5 Rf8 34. Qe6
Qxe6 35. dxe6 Ra7 36. Re3 Kf6 37. Kc2 Re8 38. Rd3 Rf8 39. Kd2 Ke7 40. Ke3 Rc7
41. Bc4 Rf6 42. Ke4 Rf8 43. Ke5 Rg8 44. f4 gxf4 45. gxf4 Rg2 46. Re3 Rxb2 47.
Rg3 Kf8 48. Kf6 Rf2 49. e7+ 1-0

[Event "Pula op"]
[Site "Pula"]
[Date "2009.06.30"]
[Round "4"]
[White "Barle, Janez"]
[Black "Vincenzi, Marco"]
[Result "1-0"]
[WhiteElo "2411"]
[BlackElo "2107"]
[PlyCount "93"]
[EventDate "2009.06.27"]
[EventType "swiss"]
[EventRounds "9"]
[EventCountry "CRO"]
[SourceTitle "CBM 131 Extra"]
[Source "ChessBase"]
[SourceDate "2009.09.03"]
[SourceVersion "2"]
[SourceVersionDate "2009.09.16"]
[SourceQuality "1"]

1. e4 e5 2. Nf3 Nc6 3. c3 Nf6 4. d4 Nxe4 5. d5 Nb8 6. Nxe5 Be7 7. Qg4 Bf6 8.
Qxe4 Qe7 9. f4 d6 10. Nd2 dxe5 11. Nf3 exf4 12. Qxe7+ Bxe7 13. Bxf4 Bd6 14.
Bxd6 cxd6 15. Nd4 a6 16. Kd2 g6 17. Re1+ Kd8 18. Bd3 Re8 19. Nf3 h6 20. Rhf1
Nd7 21. c4 Re7 22. Kc3 b6 23. Rxe7 Kxe7 24. Re1+ Kf8 25. Bc2 Bb7 26. Kd4 Rc8
27. Bd3 Re8 28. Rf1 Kg7 29. Nd2 a5 30. Ne4 Nc5 31. Nxd6 Re7 32. Ne4 Nd7 33. a3
f5 34. Nd6 Nc5 35. b4 axb4 36. axb4 Na6 37. Ra1 Nxb4 38. Ra7 Kf6 39. Rxb7 Rxb7
40. Nxb7 Nxd3 41. Kxd3 g5 42. Kd4 h5 43. c5 bxc5+ 44. Nxc5 g4 45. d6 f4 46. d7
Ke7 47. Ke4 1-0

[Event "1. LSS No-Engine Cup Preliminary 6"]
[Site "Lechenicher SchachServer"]
[Date "2009.06.29"]
[Round "?"]
[White "Laine, Jari"]
[Black "Znak, Nicholas"]
[Result "1-0"]
[WhiteElo "1618"]
[BlackElo "827"]
[PlyCount "51"]
[EventDate "2009.06.30"]

1. e4 e5 2. Nf3 Nc6 3. c3 d5 4. Qa4 Qd6 5. Bb5 Be7 6. Nxe5 Bd7 7. Nxd7 Kxd7 8.
O-O a6 9. exd5 Qxd5 10. Bc4 Qf5 11. Qd1 Ne5 12. Be2 Nf6 13. d4 Neg4 14. h3 Nh6
15. Qb3 b5 16. Bxh6 gxh6 17. Qxf7 Rhg8 18. Bg4 Rxg4 19. hxg4 Qg5 20. Re1 Nxg4
21. Qe6+ Kd8 22. Nd2 Qh4 23. Nf3 Qf6 24. Qxg4 Qg6 25. Qxg6 hxg6 26. Ne5 1-0

[Event "Dimitrovgrad Petrosian Memorial op"]
[Site "Dimitrovgrad"]
[Date "2009.06.27"]
[Round "9"]
[White "Sychov, Vladimir"]
[Black "Bezvitelnov, Dmitriy"]
[Result "0-1"]
[WhiteElo "1627"]
[BlackElo "1654"]
[PlyCount "83"]
[EventDate "2009.06.17"]
[EventType "swiss"]
[EventRounds "9"]
[EventCountry "RUS"]
[SourceTitle "CBM 131 Extra"]
[Source "ChessBase"]
[SourceDate "2009.09.03"]
[SourceVersion "2"]
[SourceVersionDate "2009.09.16"]
[SourceQuality "1"]

1. e4 e5 2. Nf3 Nc6 3. c3 d6 4. h3 Nf6 5. d3 Be7 6. Be3 O-O 7. Be2 b6 8. b4 a6
9. Nbd2 Bb7 10. O-O h6 11. Nh2 d5 12. f3 d4 13. cxd4 exd4 14. Bf4 Bxb4 15. Nb3
Bc3 16. Rb1 Nh5 17. Bd2 Bxd2 18. Nxd2 Qg5 19. Qe1 Nf4 20. g4 Nxh3+ 21. Kh1 Nf4
22. Rd1 Nb4 23. Qf2 Nxa2 24. Nb3 Nxe2 25. Qxe2 Nc3 26. Qc2 Nxd1 27. Rxd1 c5 28.
Qf2 a5 29. Re1 a4 30. Na1 b5 31. f4 Qf6 32. Kg1 b4 33. Rc1 Qb6 34. Nf3 b3 35.
Qb2 f6 36. Nd2 Ba6 37. Nc4 Bxc4 38. Rxc4 Rfb8 39. Qb1 a3 40. f5 b2 41. Nc2 a2
42. Qe1 0-1

[Event "2008-2009 TURKIYE IS BANKASI L"]
[Site "Alkoçlar Hotel - Uludađ/Bur"]
[Date "2009.06.26"]
[Round "8.3"]
[White "Uzun, Sarp"]
[Black "Komut, Kaan"]
[Result "1-0"]
[WhiteElo "1970"]
[BlackElo "1877"]
[PlyCount "91"]
[EventDate "2009.02.02"]
[EventType "tourn"]
[EventCountry "TUR"]
[SourceTitle "OM OTB B 201907"]
[Source "Opening Master"]
[SourceDate "2019.07.06"]
[SourceVersion "2"]
[SourceVersionDate "2019.07.06"]
[SourceQuality "1"]

1. e4 e5 2. Nf3 Nc6 3. c3 d5 4. Qa4 Bd7 5. exd5 Nd4 6. Qd1 Nxf3+ 7. Qxf3 Nf6 8.
Bc4 e4 9. Qe2 Bd6 10. d4 h6 11. Bb5 O-O 12. Bxd7 Qxd7 13. c4 Bb4+ 14. Bd2 Bxd2+
15. Nxd2 c6 16. dxc6 bxc6 17. Nb3 Nh7 18. O-O f5 19. Qh5 Ng5 20. Rad1 f4 21. h4
Rf5 22. Nc5 Qc8 23. hxg5 Rxg5 24. Qh4 Qf5 25. Rfe1 f3 26. Rxe4 Rxg2+ 27. Kf1
Qg6 28. Ke1 Re8 29. Rxe8+ Qxe8+ 30. Qe4 Qb8 31. Nd3 Qf8 32. Kd2 h5 33. Qe6+ Kh8
34. Rh1 g6 35. Kc3 Kh7 36. Ne5 Qg7 37. Qf7 Qxf7 38. Nxf7 Rxf2 39. d5 cxd5 40.
cxd5 Kg7 41. Ng5 Re2 42. d6 f2 43. d7 Re1 44. d8=Q f1=Q 45. Rxf1 Rxf1 46. Ne6+
1-0

[Event "CRO-ch U13"]
[Site "Novi Vinodolski"]
[Date "2009.06.24"]
[Round "6"]
[White "Camber, Ivan"]
[Black "Ivekovic, Bozidar1"]
[Result "1/2-1/2"]
[WhiteElo "1921"]
[BlackElo "1953"]
[PlyCount "80"]
[EventDate "2009.06.21"]
[EventType "swiss"]
[EventRounds "9"]
[EventCountry "CRO"]
[SourceTitle "EXT 2011"]
[Source "ChessBase"]
[SourceDate "2010.11.26"]
[SourceVersion "1"]
[SourceVersionDate "2010.11.26"]
[SourceQuality "1"]

1. e4 e5 2. Nf3 Nc6 3. c3 Nf6 4. d4 Nxe4 5. d5 Nb8 6. Nxe5 Qe7 7. Qd4 f6 8.
Qxe4 Qxe5 9. Bd3 Bc5 10. Be3 Qxe4 11. Bxe4 Bxe3 12. fxe3 d6 13. Kd2 Kf7 14. Na3
Re8 15. Bc2 a6 16. Rae1 Nd7 17. e4 Ne5 18. h3 Bd7 19. b3 Kg8 20. Rhf1 Re7 21.
c4 a5 22. Nb1 b6 23. Nc3 Rae8 24. Ne2 Nf7 25. Nc3 Re5 26. Ne2 Ng5 27. Ng3 Nf7
28. Rf2 R5e7 29. Rfe2 Ne5 30. Rf2 Ng6 31. Ref1 Ne5 32. Re1 Rf7 33. Ref1 Ref8
34. Nh5 Re7 35. Ng3 a4 36. Ra1 Ra8 37. Rff1 Ree8 38. Kc3 axb3 39. axb3 Reb8 40.
Ne2 Kf7 1/2-1/2

[Event "corr 17.Pokall/Z 405"]
[Site "?"]
[Date "2009.06.22"]
[Round "?"]
[White "Anderskewitz, Ralf"]
[Black "Bissmann, Stefan"]
[Result "0-1"]
[WhiteElo "2075"]
[BlackElo "2149"]
[PlyCount "74"]
[EventDate "2009.??.??"]
[EventType "tourn (corr)"]
[SourceTitle "OM Corr 202003"]
[Source "Opening Master"]
[SourceDate "2019.05.30"]
[SourceVersion "2"]
[SourceVersionDate "2019.05.30"]
[SourceQuality "1"]

1. e4 e5 2. Nf3 Nc6 3. c3 Nf6 4. d4 Nxe4 5. d5 Ne7 6. Nxe5 Ng6 7. Qe2 Qe7 8.
Nxg6 hxg6 9. Bf4 Rh5 10. g4 Rxd5 11. Bg2 Nc5 12. Qxe7+ Bxe7 13. Bxd5 Nd3+ 14.
Kd2 Nxf4 15. Bf3 Nh3 16. Na3 d5 17. Nb5 Kd8 18. Rae1 c6 19. Nd4 Bg5+ 20. Kc2
Kc7 21. Rhf1 Bd7 22. Nb3 b6 23. Bd1 Kd6 24. Nc1 f5 25. Nd3 fxg4 26. Ne5 Bf5+
27. Kb3 Bf4 28. Nf7+ Kc5 29. Ne5 Bxe5 30. Rxe5 Rh8 31. Re7 Kd6 32. Rxa7 Bd3 33.
Re1 Nxf2 34. Rxg7 Rxh2 35. Bc2 Bxc2+ 36. Kxc2 Ne4+ 37. Kb3 Rh6 0-1

[Event "RN-00218"]
[Site "LSS"]
[Date "2009.06.22"]
[Round "?"]
[White "Segovia, Didier"]
[Black "Losev, Vyacheslav"]
[Result "0-1"]
[WhiteElo "428"]
[BlackElo "682"]
[PlyCount "34"]
[EventDate "2009.06.04"]

1. e4 e5 2. Nf3 Nc6 3. c3 Nf6 4. Bb5 a6 5. Bxc6 bxc6 6. d3 d6 7. Bg5 h6 8. Bxf6
Qxf6 9. O-O Qg6 10. d4 Bh3 11. Nh4 Qg5 12. g3 Bxf1 13. Qxf1 Be7 14. Qh3 O-O 15.
Qd7 Qc1+ 16. Kg2 Bxh4 17. gxh4 Qxb2 0-1

[Event "Stockholm SCT (Women)"]
[Site "Stockholm"]
[Date "2009.06.21"]
[Round "5"]
[White "Fransson, Angelina"]
[Black "Horn, Emilia"]
[Result "1/2-1/2"]
[WhiteElo "1844"]
[BlackElo "2040"]
[PlyCount "111"]
[EventDate "2009.06.17"]
[EventType "tourn"]
[EventRounds "9"]
[EventCountry "SWE"]
[SourceTitle "CBM 130 Extra"]
[Source "ChessBase"]
[SourceDate "2009.07.02"]
[SourceVersion "2"]
[SourceVersionDate "2009.07.15"]
[SourceQuality "1"]

1. e4 e5 2. Nf3 Nc6 3. c3 Nf6 4. d4 Nxe4 5. d5 Nb8 6. Bd3 Nc5 7. Nxe5 Nxd3+ 8.
Nxd3 d6 9. Qe2+ Qe7 10. Be3 g6 11. O-O Bg7 12. Qd2 O-O 13. Na3 a6 14. Rad1 Bf5
15. Rfe1 Bxd3 16. Bg5 Qd7 17. Qxd3 f6 18. Bd2 Re8 19. Nc2 Rxe1+ 20. Rxe1 Qf7
21. Nd4 Nd7 22. Ne6 Ne5 23. Qe2 c6 24. f4 Nd7 25. Qf3 Rc8 26. dxc6 bxc6 27.
Nxg7 Kxg7 28. Qd3 d5 29. Qxa6 Rc7 30. Qa5 Rb7 31. b4 Nb6 32. Qc5 Nc4 33. Bc1
Qd7 34. Kf2 Kf7 35. Re2 Nd6 36. Qd4 Rb8 37. Be3 Ra8 38. Kf1 Nf5 39. Qc5 Re8 40.
Bf2 Rxe2 41. Kxe2 Qe6+ 42. Kd2 Nd6 43. Qa7+ Kg8 44. Bc5 Ne4+ 45. Kd1 Qg4+ 46.
Ke1 Nxc5 47. Qxc5 Qxg2 48. Qf2 Qe4+ 49. Kd2 Qc4 50. Qa7 Qxf4+ 51. Kd3 Qe4+ 52.
Kd2 Qg2+ 53. Kd3 Qxh2 54. Qa8+ Kf7 55. Qxc6 Qxa2 56. Qd7+ 1/2-1/2

[Event "International Chess Festival E"]
[Site "?"]
[Date "2009.06.20"]
[Round "?"]
[White "Mohannad, Farhan"]
[Black "Iordachescu, Viorel"]
[Result "0-1"]
[WhiteElo "2284"]
[BlackElo "2608"]
[PlyCount "71"]
[EventDate "2009.??.??"]
[SourceTitle "OM OTB B 201907"]
[Source "Opening Master"]
[SourceDate "2019.07.06"]
[SourceVersion "2"]
[SourceVersionDate "2019.07.06"]
[SourceQuality "1"]

1. e4 e5 2. Nf3 Nc6 3. c3 Nf6 4. d4 exd4 5. e5 Nd5 6. cxd4 Bb4+ 7. Bd2 O-O 8.
Bxb4 Ndxb4 9. Nc3 d6 10. a3 Na6 11. Bxa6 bxa6 12. Qa4 Ne7 13. O-O Rb8 14. b4
Bb7 15. Qd1 a5 16. b5 Ng6 17. Re1 Re8 18. d5 dxe5 19. Qa4 Qd6 20. Rad1 Qb6 21.
Qc4 a6 22. a4 h6 23. h4 axb5 24. axb5 Qd6 25. g3 Rbd8 26. h5 Nf8 27. Nh4 Nh7
28. Nf5 Qf6 29. Nh4 Ng5 30. Ne4 Nxe4 31. Qxe4 Rd7 32. f4 Qd8 33. fxe5 Bxd5 34.
Rxd5 Rxd5 35. Nf3 Qd7 36. g4 0-1

[Event "Katy Rybackie op"]
[Site "Katy Rybackie"]
[Date "2009.06.19"]
[Round "7"]
[White "Sarnowski, Ryszard"]
[Black "Opolski, Wojciech"]
[Result "1-0"]
[WhiteElo "1530"]
[BlackElo "1727"]
[PlyCount "24"]
[EventDate "2009.06.14"]
[EventType "swiss"]
[EventRounds "9"]
[EventCountry "POL"]
[SourceTitle "CBM 131 Extra"]
[Source "ChessBase"]
[SourceDate "2009.09.03"]
[SourceVersion "2"]
[SourceVersionDate "2009.09.16"]
[SourceQuality "1"]

1. e4 e5 2. Nf3 Nc6 3. c3 Nf6 4. d3 Be7 5. Be2 O-O 6. O-O d5 7. Qc2 d4 8. c4 h6
9. h3 Qd6 10. a3 a5 11. b3 Nh5 12. g4 Nf4 1-0